00190nam a22000857a 4500020001800000100001800018245002600036260003100062300001100093 a9780545681186 aJerry Pallota aUltimate Ocean Rumble aNew YorkbScholasticc2015 a32 pgs